Music Quiz

Random Music or Album Quiz

Westlife UK No. 1 singles Quiz Stats

 Plays Quiz not verified by Sporcle

Score 0/14 Timer 07:00
1 Play Today
Date of release Song title % Correct
October 1999Flying Without Wings
90%
February 2001Uptown Girl
82.9%
April 1999Swear It Again
79.6%
December 1999I Have A Dream
74.4%
October 2000My Love
71.9%
August 1999If I Let You Go
71.6%
February 2002World Of Our Own
69.9%
Date of release Song title % Correct
November 2003Mandy
68.1%
March 2000Fool Again
67.9%
November 2001Queen Of My Heart
64.9%
October 2005You Raise Me Up
64.7%
October 2002Unbreakable
58.5%
November 2006The Rose
55.7%
September 2000Against All Odds
55.5%

You're not logged in!

Compare scores with friends on all Sporcle quizzes.
OR
Log In

Show Comments

Extras

Top Quizzes Today


Score Distribution

Your Account Isn't Verified!

In order to create a playlist on Sporcle, you need to verify the email address you used during registration. Go to your Sporcle Settings to finish the process.

Report this User

Report this user for behavior that violates our Community Guidelines.

Details: